000 00738nam a22001937a 4500
005 20231108152534.0
010 _aHIN-126091
020 _a818891018X
_c170.00
035 _aHN-98437
037 _bDBAD/PUB
082 _a
100 _aकश्यप,ओमप्रकाश
_958395
245 _aकहानीवाले बाबा/
_cओमप्रकाश कश्यप
250 _a1
260 _aदिल्ली
_bसार्क पब्लिकेशन
_c2011
270 _a4/1 बाजार गली विश्वास नगर शाहदरा
_bदिल्ली
_e110032
300 _a159 पृ.;
_c22 सेमी (सजिल्द)
942 _cHN
_2ddc
_h
_mकश्यप
999 _c198666
_d198666